| 000 | 05471nam a22005537a 4500 | ||
|---|---|---|---|
| 005 | 2009121401401.0 | ||
| 008 | 091214t xxu||||| |||| 00| 0 eng d | ||
| 010 | _aB-369268-293 B-421026 | ||
| 020 |
_a9788184082173 _c130.00 |
||
| 035 | _aB-369268-293 B-421026 | ||
| 037 | _bIndiana Publishing House | ||
| 040 |
_adpl _bEnglish |
||
| 082 | _aS | ||
| 100 |
_aDoyle, Sir Arthur Conan _921256 |
||
| 245 |
_aThe hound of the baskervilles / _cby Sir Arthur Conan Doyle ; adapted by Mark Stuart |
||
| 260 |
_aNew Delhi _bIndiana Publishing House _c2010 |
||
| 270 |
_a2/13, Ansari Road, Darya Ganj, _bNew Delhi _e110002 |
||
| 300 |
_ax, 242p.: _b ill. _c24cm(Hb) |
||
| 490 |
_aIndiana Illustrated classics _921257 |
||
| 942 |
_2ddc _cCH _mDOY _hS |
||
| 999 |
_c32736 _d32736 |
||